[Event "HUN-chT U18 "]
[Site "Budapest"]
[Date "1999.12.27"]
[Round "1.1"]
[White "Ferencz, Peter"]
[Black "Varadi, Viktor"]
[Result "0-1"]
[WhiteElo "1609"]
[BlackElo "2231"]
[PlyCount "42"]
[EventDate "1999.12.27"]
[EventType "team-tourn"]
[EventRounds "7"]
[EventCountry "HUN"]
[SourceTitle "EXT 2004"]
[Source "ChessBase"]
[SourceDate "2003.11.25"]
[SourceVersion "1"]
[SourceVersionDate "2003.11.25"]
[SourceQuality "1"]

1. e4 d5 2. exd5 Nf6 3. Nc3 Nxd5 4. Nxd5 Qxd5 5. Qf3 Qa5 6. b3 Qe5+ 7. Kd1 Qxa1 8. a4 e6 9. d3 Ba3 10. Ne2 Nc6 11. Qf4 e5 12. Qe4 Be6 13. h3 f5 14. Qe3 0-0-0 15. f3 f4 16. Qf2 Rxd3+ 17. cxd3 Bxb3+ 18. Kd2 Bb4+ 19. Nc3 Qxc3+ 20. Ke2 Nd4+ 21. Qxd4 Qe1# 0-1